Peep Show Quiz 7 - Statistics

General Stats
  • This quiz has been taken 335 times
  • The average score is 9 of 15
Answer Stats
Hint Answer % Correct
What vegetable is not traditional with a Christmas dinner? Cauliflower
91%
What movie does Jez imitate during the charades game? Chicken Run
76%
What book is the subject at the book club? Wuthering Heights
74%
What does Mark dress up as to Johnson’s fancy dress new years’ eve party? Fisherman
71%
What ‘gift’ does Mark get both Jez and Dobby? Kitchen tongs
68%
What musical instrument can Jez definitely not play? Saxophone
66%
What accent does the nice nurse have who mark wishes he was having a baby with? Irish
64%
What is the name of the area between the flat and the exit to the building? The Nether Zone
63%
What is the first and middle name of Mark’s son? Ian James
60%
What doll does Mark want to buy? FDR
55%
What does Jez tell Super Hans to change the name of the band to? Danny Dyer’s Chocolate Homunculus
48%
How much are the fluffy dusters? £11
41%
Where does Big Suze suggest Super Hans should go? The garden
41%
What ‘lads mag’ is Jez reading to Ben when he is in a coma? FHM
36%
What is the name of the book Zahra is reading? The Famished Road
23%
No matching quizzes found
Score Distribution
Percent of People with Each Score
Percentile by Number Answered
Your Score History
You have not taken this quiz